Normal view MARC view

Entry Personal Name

Number of records used in: 1

001 - CONTROL NUMBER

  • control field: 103802

003 - CONTROL NUMBER IDENTIFIER

  • control field: OSt

005 - DATE AND TIME OF LATEST TRANSACTION

  • control field: 20230511155947.0

008 - FIXED-LENGTH DATA ELEMENTS

  • fixed length control field: 230511|| aca||aabn | a|a d

040 ## - CATALOGING SOURCE

  • Original cataloging agency: OSt
  • Transcribing agency: OSt

100 ## - HEADING--PERSONAL NAME

  • Personal name: FRIEDMAN (Lester);DESSER (David);KOZLOFF (Sarah);NOCHIMSON (Martha P);PRINCE (Stephen)

670 ## - SOURCE DATA FOUND

  • Source citation: Work cat.: (OSt)166097: FRIEDMAN (Lester);DESSER (David);KOZLOFF (Sarah);NOCHIMSON (Martha P);PRINCE (Stephen), Introduction to film genres, 2014